00457cam a22001692 4500001001100000005001700011008004100028020001500069040001500084245005800099250001400157260003400171300001800205650002800223700003300251852000300284000001919520151021151131.0101019s xx 000 0 eng d a0070187606 aKABUcKABU10aFinancial accounting /cJan R. Williams ... [et al. ] a14th ed. aBoston :bMcGraw-Hill,c2010. axxxi, 727 p. 0aAccounting.@00001483211 aWilliams, Jan R.@00001676051